000 00628nam a22001937a 4500
005 20170811120414.0
010 _aENG-119751
020 _a9788176473491
_c175.00
035 _aEN-103283
037 _bDBAD/PUB
082 _a260.64
100 _aAmrik Singh
245 _aThe sikh way of maritial living
_cAmrik Singh
260 _aLudhiana
_bLahore Books
_c2014
270 _a2, Lajpat Rai Market, Near Society Cinema
_bLudhiana
_e141001
300 _a128p.
_c22cm(Hb)
505 _aSignificance of Anand Karaj in modern life and Guru-guided ways for harmonious living.
942 _2ddc
_cEN
_h260.64
_mAMR
999 _c143271
_d143271